Sustainable cities for the third millennium : (Record no. 531765)

000 -LEADER
fixed length control field 01205cam a2200361 a 4500
001 - CONTROL NUMBER
control field 16406229
003 - CONTROL NUMBER IDENTIFIER
control field NUST
005 - DATE AND TIME OF LATEST TRANSACTION
control field 20191025122635.0
008 - FIXED-LENGTH DATA ELEMENTS--GENERAL INFORMATION
fixed length control field 100813s2010 nyua b 001 0 eng
010 ## - LIBRARY OF CONGRESS CONTROL NUMBER
LC control number 2010934906
015 ## - NATIONAL BIBLIOGRAPHY NUMBER
National bibliography number GBB060849
Source bnb
016 7# - NATIONAL BIBLIOGRAPHIC AGENCY CONTROL NUMBER
Record control number 015551242
Source Uk
020 ## - INTERNATIONAL STANDARD BOOK NUMBER
International Standard Book Number 9781441960368 (alk. paper)
020 ## - INTERNATIONAL STANDARD BOOK NUMBER
International Standard Book Number 1441960368 (alk. paper)
020 ## - INTERNATIONAL STANDARD BOOK NUMBER
International Standard Book Number 9781441960375 (eISBN)
020 ## - INTERNATIONAL STANDARD BOOK NUMBER
International Standard Book Number 1441960376 (eISBN)
035 ## - SYSTEM CONTROL NUMBER
System control number (OCoLC)ocn615883255
038 ## - RECORD CONTENT LICENSOR
Staff Name MSOHAIL
040 ## - CATALOGING SOURCE
Original cataloging agency UKM
Transcribing agency UKM
Modifying agency BTCTA
-- YDXCP
-- C#P
-- BWX
-- CDX
-- DLC
042 ## - AUTHENTICATION CODE
Authentication code lccopycat
050 00 - LIBRARY OF CONGRESS CALL NUMBER
Classification number HT241
Item number .M44 2010
082 04 - DEWEY DECIMAL CLASSIFICATION NUMBER
Classification number 307.76
Edition number 22
100 1# - MAIN ENTRY--PERSONAL NAME
Personal name Mega, Voula.
9 (RLIN) 24806
245 10 - TITLE STATEMENT
Title Sustainable cities for the third millennium :
Remainder of title the odyssey of urban excellence /
Statement of responsibility, etc. Voula P. Mega.
260 ## - PUBLICATION, DISTRIBUTION, ETC.
Place of publication, distribution, etc. New York :
Name of publisher, distributor, etc. Springer,
Date of publication, distribution, etc. c2010.
300 ## - PHYSICAL DESCRIPTION
Extent xxxi, 233 p. :
Other physical details ill. ;
Dimensions 25 cm.
504 ## - BIBLIOGRAPHY, ETC. NOTE
Bibliography, etc. note Includes bibliographical references and index.
650 #0 - SUBJECT ADDED ENTRY--TOPICAL TERM
Topical term or geographic name entry element Urban ecology (Sociology)
9 (RLIN) 927
906 ## - LOCAL DATA ELEMENT F, LDF (RLIN)
a 7
b cbc
c copycat
d 2
e ncip
f 20
g y-gencatlg
942 ## - ADDED ENTRY ELEMENTS (KOHA)
Source of classification or shelving scheme
Koha item type Book
Holdings
Withdrawn status Lost status Source of classification or shelving scheme Damaged status Not for loan Permanent Location Current Location Date acquired Total Checkouts Full call number Barcode Date last seen Date last checked out Price effective from Koha item type
  Write Off       School of Civil and Environmental Engineering (SCEE) School of Civil and Environmental Engineering (SCEE) 10/25/2019 1 307.76 NIT-11694 01/13/2020 11/04/2019 10/25/2019 Book
          School of Civil and Environmental Engineering (SCEE) School of Civil and Environmental Engineering (SCEE) 12/12/2019   307.76 NIT-12857 12/12/2019   12/12/2019 Book
          School of Civil and Environmental Engineering (SCEE) School of Civil and Environmental Engineering (SCEE) 12/12/2019   307.76 NIT-12858 12/12/2019   12/12/2019 Book
© 2023 Central Library, National University of Sciences and Technology. All Rights Reserved.